[Event "ch-NZL"]
[Site "Auckland NZL"]
[Date "2010.01.06"]
[Round "5"]
[White "Thornton,G"]
[Black "Depasquale,C"]
[Result "1-0"]
[WhiteElo "2167"]
[BlackElo "2274"]

1.d4 Nf6 2.c4 Nc6 3.Nc3 e5 4.d5 Ne7 5.g3 Ng6 6.Bg2 Bc5 7.Rb1 d6 8.Qc2 O-O
9.e3 a5 10.Nge2 Bd7 11.O-O Qc8 12.Na4 Ba7 13.Nec3 Bh3 14.Qe2 e4 15.Nxe4 Nxe4
16.Bxe4 Bxf1 17.Qxf1 Qg4 18.Bg2 b5 19.Nc3 Qxc4 20.Nxb5 Qxa2 21.Bd2 Bb6 22.f4 Qb3
23.Nc3 Rfe8 24.Qd3 Nf8 25.Bf3 Nd7 26.Bd1 Qb4 27.Bc2 Nf6 28.Ra1 Qxb2 29.Ra2 Qb4
30.Ra4 Qc5 31.Rd4 c6 32.g4 cxd5 33.g5 Re4 34.gxf6 gxf6 35.Rxd5  1-0

[Event "ch-NZL"]
[Site "Auckland NZL"]
[Date "2010.01.08"]
[Round "7"]
[White "Lim,B"]
[Black "Fraemohs,P"]
[Result "1-0"]
[WhiteElo "2075"]
[BlackElo "1981"]

1.d4 Nf6 2.c4 Nc6 3.Nf3 e6 4.Nc3 Bb4 5.Qc2 d5 6.Bg5 h6 7.Bxf6 Qxf6 8.e3 O-O
9.a3 Bxc3+ 10.Qxc3 a6 11.Rc1 Qg6 12.g3 Re8 13.Bg2 Ne7 14.Ne5 Qf6 15.O-O c6
16.b4 Ng6 17.f4 Nxe5 18.fxe5 Qe7 19.e4 dxc4 20.Qxc4 Bd7 21.Rf4 Rac8 22.Qf1 Rf8
23.Re1 f6 24.exf6 Rxf6 25.Rxf6 Qxf6 26.Qxf6 gxf6 27.Bh3 Rd8 28.Rd1 Kf7 29.Kf2 Ke7
30.e5 Be8 31.exf6+ Kxf6 32.Ke3 a5 33.Rf1+ Ke7 34.bxa5 Ra8 35.Rb1 Rxa5 36.Rxb7+ Bd7
37.Rb3 Rh5 38.Bf1 Rxh2 39.Be2 Rh1 40.Bf3 Ra1 41.Kd2 Kd6 42.Kc2 Ra2+ 43.Kc3 e5
44.dxe5+ Kxe5 45.Kd3 Be6 46.Rc3 Bd5 47.Ke3 Bxf3 48.Kxf3 Kd5 49.Rd3+ Kc4 50.Rd6 Rxa3+
51.Kf4 c5 52.Rxh6 Kd5 53.Rh8 c4 54.Rd8+ Ke6 55.Re8+ Kf7 56.Rc8 c3 57.g4 Kg6
58.Rc6+ Kg7 59.Kg5 Ra5+ 60.Kh4 Ra3 61.Kh5 Rb3 62.g5 Ra3 63.Rc7+ Kf8 64.Kh6 c2
65.Rxc2 Rh3+ 66.Kg6 Ke7 67.Kg7 Rh5 68.Re2+ Kd6 69.g6 Rh3 70.Kg8 Rh4 71.g7 Rh3
72.Rf2 Ke7 73.Rf4 Rh2 74.Re4+ Kd7 75.Kf7 Rf2+ 76.Kg6 Rg2+ 77.Kf6 Rf2+ 78.Kg5  1-0

[Event "ch-NZL"]
[Site "Auckland NZL"]
[Date "2010.01.12"]
[Round "11"]
[White "Barlow,M"]
[Black "Fraemohs,P"]
[Result "1-0"]
[WhiteElo "2161"]
[BlackElo "1981"]

1.d4 Nf6 2.c4 Nc6 3.Nf3 e6 4.a3 d6 5.Nc3 g6 6.e4 Bg7 7.Be2 O-O 8.O-O Re8
9.Be3 Nd7 10.b4 e5 11.d5 Ne7 12.Nd2 f5 13.f3 f4 14.Bf2 b6 15.Nb3 Nf6 16.c5 Rf8
17.Rc1 Ne8 18.Qc2 g5 19.cxd6 cxd6 20.Nb5 Ba6 21.a4 h5 22.a5 Qd7 23.Nc3 Bxe2
24.Qxe2 Nc8 25.Rc2 g4 26.Rfc1 Rf6 27.Kh1 Rg6 28.Nd2 g3 29.Bg1 gxh2 30.Bxh2 h4
31.Nb5 h3 32.gxh3 Qxh3 33.Qf1 Qxf1+ 34.Nxf1 Ne7 35.Nc7 Nxc7 36.Rxc7 Bf8 37.Bg1 bxa5
38.bxa5 Rh6+ 39.Kg2 Rb8 40.Bxa7 Rb2+ 41.R1c2 Rg6+ 42.Kf2 Rb1 43.Ra2 Rh6 44.Ke2 Rh1
45.Nd2 Rhe1+ 46.Kd3 Rbc1 47.Rxc1 Rxc1 48.a6 Rc8 49.Bf2 Ra8 50.a7 Kf7 51.Kc4 Ke8
52.Kb5 Nc8 53.Kc6 Nxa7+ 54.Rxa7 Rc8+ 55.Rc7 Ra8 56.Ba7 Be7 57.Nc4 Rd8 58.Nb6  1-0

[Event "Open"]
[Site "Prague CZE"]
[Date "2010.01.12"]
[Round "5"]
[White "Dolezal,Ra1"]
[Black "Pochinkov,A"]
[Result "1-0"]
[WhiteElo "2402"]
[BlackElo "2197"]

1.d4 Nf6 2.c4 Nc6 3.Nc3 e5 4.d5 Ne7 5.g3 Ng6 6.a3 a5 7.Bg2 Bc5 8.e3 d6 9.Nge2 Bd7
10.Na4 Ba7 11.Nec3 O-O 12.O-O Ne8 13.Nb5 f5 14.Nxa7 Rxa7 15.f4 Nf6 16.Nc3 h5
17.e4 exf4 18.exf5 Bxf5 19.Bxf4 Nxf4 20.Rxf4 g6 21.Nb5 Ra8 22.Nd4 Bg4 23.Qd3 Qe8
24.h3 Bd7 25.Ne6 Bxe6 26.dxe6 Kg7 27.Re1 Qe7 28.Qc3 c6 29.g4 hxg4 30.hxg4 Kg8
31.Qd3 Kg7 32.Qc3 Kg8 33.Ref1 Nh7 34.Rf7 Rxf7 35.exf7+ Qxf7 36.Rxf7 Kxf7
37.Qd4 Re8 38.Qxd6 Re7 39.Kf2 Nf8 40.Qc5 Nd7 41.Qxa5 Ne5 42.Kg3 Nxc4 43.Bd5+ cxd5
44.Qxd5+ Re6 45.Qxc4 b6 46.Kf4 Kf6 47.Qd5 Ke7 48.Kg5 Rd6 49.Qb7+ Kd8 50.b4 Re6
51.a4  1-0

[Event "2nd Kirov Memorial Open"]
[Site "Blagoevgrad BUL"]
[Date "2010.01.13"]
[Round "4"]
[White "Grigorov,G"]
[Black "Kukov,V"]
[Result "1/2-1/2"]
[WhiteElo "2508"]
[BlackElo "2367"]

1.d4 Nf6 2.c4 Nc6 3.Nf3 e6 4.Nc3 Bb4 5.Qc2 d6 6.Bg5 h6 7.Bd2 O-O 8.a3 Bxc3
9.Bxc3 Qe7 10.e3 e5 11.d5 Nb8 12.Nd2 a5 13.b3 Nbd7 14.Be2 b5 15.e4 bxc4 16.Nxc4 Nc5
17.Nd2 Ba6 18.Bxa6 Rxa6 19.O-O Rfa8 20.Rfe1 c6 21.b4 axb4 22.axb4 Na4 23.dxc6 Rxc6
24.Rxa4 Rxa4 25.Qxa4 Rxc3  1/2-1/2

[Event "2nd Kirov Memorial Open"]
[Site "Blagoevgrad BUL"]
[Date "2010.01.16"]
[Round "8"]
[White "Gavrilidis,G"]
[Black "Arnaudov,G"]
[Result "1/2-1/2"]
[WhiteElo "2100"]
[BlackElo "2413"]

1.d4 Nf6 2.c4 Nc6 3.Nf3 e6 4.g3 d5 5.Bg2 dxc4 6.O-O Rb8 7.Re1 Bd6 8.e4 e5
9.dxe5 Bxe5 10.Qxd8+ Kxd8 11.Nxe5 Nxe5 12.h3 b5 13.b3 Bb7 14.bxc4 Nxc4 15.Na3 Nxa3
16.Bxa3 Re8 17.f3 b4 18.Bxb4 Bxe4 19.Bc3 Bc2 20.Rec1 Ba4 21.Ba5 Re7 22.Rc4 Bb5
23.Rb4 Kc8 24.Rab1 a6 25.a4 c5 26.Rc1 Bc6 27.Rxc5 Re6 28.Rbc4 Rb1+ 29.Rc1 Rxc1+
30.Rxc1 Kb7 31.Rb1+ Ka8 32.Rb6 Nd5 33.Rxa6+ Kb7 34.Bf1 Bxa4 35.Rxe6 fxe6
36.Bd3 h6 37.Bd2 Kc6 38.Bc1 Kd7 39.Bb2 Nf6 40.g4 Ke7 41.Bg6 Kf8 42.Kf2 Be8
43.Bd3 Nd5 44.Kg3 g5 45.Be5 Kf7 46.h4 Ke7 47.h5 Kf8 48.Kf2 Ke7  1/2-1/2

[Event "8th Parsvnath Open"]
[Site "New Delhi IND"]
[Date "2010.01.16"]
[Round "4"]
[White "Bitan,B"]
[Black "Atishay,A"]
[Result "1/2-1/2"]
[WhiteElo "2316"]
[BlackElo "2054"]

1.d4 Nf6 2.c4 Nc6 3.Nf3 e6 4.Nc3 Bb4 5.Qc2 d6 6.Bd2 O-O 7.a3 Bxc3 8.Bxc3 Re8
9.e3 e5 10.d5 Ne7 11.Nd2 c6 12.e4 Ng6 13.g3 a5 14.b3 Bd7 15.Bg2 h5 16.dxc6 bxc6
17.O-O Qc8 18.Qd3 Bh3 19.f4 Bxg2 20.Kxg2 exf4 21.Bxf6 gxf6 22.Qf3 Re5 23.Kh1 fxg3
24.Qxg3  1/2-1/2

[Event "ch-BUL S/F Men"]
[Site "Plovdiv BUL"]
[Date "2010.01.26"]
[Round "4"]
[White "Marholev,D"]
[Black "Arnaudov,G"]
[Result "1-0"]
[WhiteElo "2431"]
[BlackElo "2413"]

1.d4 Nf6 2.c4 Nc6 3.Nc3 e5 4.d5 Ne7 5.e4 Ng6 6.Be3 Bb4 7.f3 Bxc3+ 8.bxc3 d6
9.c5 O-O 10.Ne2 Nd7 11.cxd6 cxd6 12.Ng3 Qc7 13.Qd2 Nb6 14.Rc1 Nc4 15.Bxc4 Qxc4
16.Qe2 Qa4 17.O-O f5 18.exf5 Bxf5 19.c4 b6 20.Rfd1 Rae8 21.Qb2 Qd7 22.Qb5 Qe7
23.Re1 Rc8 24.a4 Bd3 25.Qb3 Bf5 26.a5 bxa5 27.c5 Qd7 28.c6 Qc7 29.Ra1 Ne7
30.Qa2 Bg6 31.Qxa5 Bf7 32.Red1 Qxa5 33.Rxa5 Rc7 34.Ne4 Rd8 35.Bg5 h6 36.Bxe7 Rxe7
37.Rda1 Kf8 38.Rxa7 Bxd5 39.c7 Rc8 40.Nxd6 Rexc7 41.Nxc8 Rxc8 42.R7a5  1-0

[Event "ch-UKR b18"]
[Site "Kyiv UKR"]
[Date "2010.01.28"]
[Round "4"]
[White "Vdovichenko,V"]
[Black "Kraschenko,A"]
[Result "1-0"]
[WhiteElo "2182"]
[BlackElo "2045"]

1.d4 Nf6 2.c4 Nc6 3.Nf3 e6 4.a3 d5 5.Nc3 Ne7 6.e3 Ng6 7.Bd3 c6 8.h4 Bd6 9.h5 Ne7
10.e4 dxe4 11.Nxe4 Nxe4 12.Bxe4 Qc7 13.h6 g6 14.Bg5 f5 15.Bc2 O-O 16.Qd2 b6
17.c5 bxc5 18.dxc5 Be5 19.Bxe7 Bf4 20.Qd4 Qxe7 21.Qxf4 Qxc5 22.Qe5  1-0

[Event "8th Gibtelecom Masters"]
[Site "Caleta ENG"]
[Date "2010.02.02"]
[Round "8"]
[White "Rioseco Pinochet,F"]
[Black "Haraldsson,L"]
[Result "1/2-1/2"]
[WhiteElo "2226"]
[BlackElo "2050"]

1.d4 Nf6 2.c4 Nc6 3.d5 Ne5 4.e4 e6 5.f4 Bb4+ 6.Bd2 Bxd2+ 7.Qxd2 Ng6 8.e5 Ng8
9.Nf3 b6 10.Nc3 Bb7 11.h4 h5 12.d6 cxd6 13.Nb5 dxe5 14.Nd6+ Kf8 15.Nxe5 Nxe5
16.fxe5 Bc6 17.Bd3 Nh6 18.Qf4 Kg8 19.O-O-O Qe7 20.Be4 g6 21.Bxc6 dxc6 22.Qf6 Qxf6
23.exf6 Kh7 24.Nb7 Ng4 25.Rd7 Rhf8 26.Re7 Nxf6 27.Nd6 Kg7 28.Re1 Kg8 29.Rf1 Kg7
30.Re1 Kg8 31.Rf1 Kg7 32.Re1 Kg8  1/2-1/2

[Event "ch-ROU w"]
[Site "Baile Olanesti ROU"]
[Date "2010.02.05"]
[Round "7"]
[White "Olarasu,Io"]
[Black "Bulmaga,E"]
[Result "0-1"]
[WhiteElo "1803"]
[BlackElo "1769"]

1.d4 Nf6 2.c4 Nc6 3.Nf3 e6 4.Nc3 Bb4 5.Qc2 d6 6.Bd2 Qe7 7.a3 Bxc3 8.Bxc3 O-O
9.g3 e5 10.dxe5 dxe5 11.Bg2 Re8 12.Ng5 h6 13.Ne4 Bf5 14.Nxf6+ Qxf6 15.e4 Be6
16.Qe2 Qe7 17.b4 a6 18.O-O Rad8 19.Rfd1 Nd4 20.Bxd4 exd4 21.e5 c6 22.Rac1 Bf5
23.f4 Qe6 24.Qf2 d3 25.Rd2 Rd7 26.Qf1 Rd4 27.c5 Red8 28.h3 h5 29.Kh2 Qb3
30.Ra1 Rc4 31.Raa2 Rc3 32.Bf3 Qe6 33.Bxh5 Qe7 34.Bg4 Bxg4 35.hxg4 Qe6 36.Kh3 Rd4
37.Qf3 Rc1 38.Rab2 Qh6+ 39.Kg2 Qh1+ 40.Kf2 Qg1+  0-1

[Event "Georgi Tringov Mem"]
[Site "Plovdiv BUL"]
[Date "2010.02.05"]
[Round "8"]
[White "Badev,K"]
[Black "Nadj Hedjesi,B"]
[Result "1-0"]
[WhiteElo "2369"]
[BlackElo "2415"]

1.d4 Nf6 2.c4 Nc6 3.d5 Ne5 4.e4 e6 5.Qd4 d6 6.Nc3 c5 7.Qe3 exd5 8.cxd5 Be7
9.f4 Ng6 10.Nf3 O-O 11.Bc4 a6 12.a4 Re8 13.O-O Bf8 14.Qd3 Nd7 15.Bd2 Nh4
16.Rae1 Nxf3+ 17.Qxf3 Qf6 18.e5 dxe5 19.Ne4 Qg6 20.f5 Qb6 21.a5 Qd8 22.d6 Nf6
23.Bxf7+ Kh8 24.Bxe8 Qxe8 25.Bg5 Qf7 26.Rd1 Bd7 27.Nxf6 gxf6 28.Qxb7 Re8
29.Bxf6+ Kg8 30.Qd5 e4 31.Qxf7+ Kxf7 32.Be7 e3 33.Rfe1 Bh6 34.h4 Bg7 35.f6 Bh6
36.Rd5 Rb8 37.Rh5 Bf4 38.Rxh7+ Kg6 39.Rg7+ Kh6 40.g3 Be5 41.Rg5 Bd4 42.f7  1-0

[Event "11th EICC Women"]
[Site "Rijeka CRO"]
[Date "2010.03.07"]
[Round "2"]
[White "Danelia,M"]
[Black "Milliet,S"]
[Result "0-1"]
[WhiteElo "2199"]
[BlackElo "2391"]

1.d4 Nf6 2.c4 Nc6 3.Nc3 e5 4.d5 Ne7 5.e4 Ng6 6.Be3 Bb4 7.f3 Bxc3+ 8.bxc3 d6
9.Ne2 O-O 10.Qd2 Nd7 11.g3 f5 12.exf5 Rxf5 13.Bg2 Nb6 14.Qd3 Rf7 15.g4 Nh4
16.O-O Qf8 17.Bg5 Ng6 18.h4 Nd7 19.Ng3 Nc5 20.Qc2 b6 21.h5 Nf4 22.Ne4 Nxe4
23.Qxe4 Ba6 24.Rf2 h6 25.Bh4 Nxg2 26.Kxg2 Rf4 27.Qg6 Qf7 28.Qxf7+ Rxf7 29.Rd1 Bxc4
30.Bg3 a5 31.Rfd2 a4 32.Bh4 Re8 33.Re1 Ra8 34.Re4 b5 35.a3 Bb3 36.Bg3 Raf8
37.Re3 Rf6 38.Bh2 g6 39.hxg6 Rxg6 40.Bg3 Kh7 41.Re1 Rgf6 42.Re3 Kg6 43.Bh2 h5
44.gxh5+ Kxh5 45.Bg3 Kg5 46.Rdd3 Kf5 47.Re1 Bc4 48.Rd2 Kg6 49.Re3 Kf7 50.Re4 Rg8
51.Rh4 Rfg6 52.Rh3 Ke8 53.Kf2 Kd7 54.Rh7+ Kd8 55.Rh3 Kc8 56.Kg2 Bf1+ 57.Kxf1 Rxg3
58.Rxg3 Rxg3 59.Kf2 Rh3 60.Ke3 Kb7  0-1

[Event "26th ChessOrg Schachfestival"]
[Site "Bad Woerishofen GER"]
[Date "2010.03.14"]
[Round "9"]
[White "Tennstedt,A"]
[Black "Arnaudov,P"]
[Result "0-1"]
[WhiteElo "2199"]
[BlackElo "2216"]

1.d4 Nf6 2.c4 Nc6 3.Nf3 e6 4.Nc3 Bb4 5.Qc2 d6 6.Bd2 O-O 7.a3 Bxc3 8.Bxc3 a5
9.e3 Re8 10.Be2 a4 11.Rd1 Qe7 12.O-O e5 13.d5 Nb8 14.c5 Bd7 15.cxd6 cxd6
16.e4 Na6 17.Bxa6 Rxa6 18.Qd3 Nh5 19.Qe3 h6 20.Rc1 Bb5 21.Rfe1 Nf4 22.Rcd1 g5
23.g3 Qd7 24.gxf4 Qg4+ 25.Kh1 exf4 26.Rg1 Qxg1+ 27.Kxg1 fxe3 28.fxe3 Rxe4
29.h4 Be2  0-1

[Event "11th EICC Women"]
[Site "Rijeka CRO"]
[Date "2010.03.14"]
[Round "8"]
[White "Djukic,Sa"]
[Black "Borsuk,A"]
[Result "1-0"]
[WhiteElo "2214"]
[BlackElo "2338"]

1.d4 Nf6 2.c4 Nc6 3.Nc3 e5 4.d5 Ne7 5.g3 Ng6 6.Bg2 Bc5 7.e3 d6 8.b4 Bb6 9.Bb2 O-O
10.Na4 Bd7 11.Nxb6 cxb6 12.Ne2 Rc8 13.Rc1 Rc7 14.O-O Qc8 15.Qb3 Bh3 16.f3 h5
17.e4 Nh7 18.Rf2 Bxg2 19.Kxg2 f5 20.exf5 Qxf5 21.h4 Nf6 22.Rff1 Qc8 23.Qd3 Ne7
24.Ng1 Qf5 25.Qe2 g5 26.hxg5 Qxg5 27.Nh3 Qg6 28.Kh2 Nf5 29.Rg1 Rg7 30.Qe1 Ng4+
31.Kh1 Ngh6 32.Kh2 Rf6 33.c5 Ng4+ 34.Kh1 Nge3 35.Kh2 Nxd5 36.cxd6 Nd4 37.Bxd4 exd4
38.Rc8+ Rf8 39.Rxf8+ Kxf8 40.Qe5 Nxb4 41.Nf4 Qh7 42.Ne6+ Kf7 43.Qxg7+  1-0

[Event "Bundesliga 2009-10"]
[Site "Emsdetten GER"]
[Date "2010.03.20"]
[Round "12"]
[White "Johannessen,LE"]
[Black "Chernov,Va"]
[Result "0-1"]
[WhiteElo "2532"]
[BlackElo "2433"]

1.d4 Nf6 2.c4 Nc6 3.Nf3 e6 4.Nc3 Bb4 5.Qc2 d6 6.Bd2 O-O 7.a3 Bxc3 8.Bxc3 Qe7
9.g3 e5 10.d5 Nb8 11.Bg2 c6 12.Nd2 cxd5 13.cxd5 Nbd7 14.O-O b5 15.Nb3 Nb6
16.e4 Bd7 17.Na5 Rfc8 18.Qd2 Nc4 19.Nxc4 Rxc4 20.b3 Rc7 21.f4 Rac8 22.Bxe5 Rc2
23.Qb4 R8c5 24.Bxf6 Qxf6 25.e5 dxe5 26.Rae1 Qb6 27.Kh1 Rb2 28.fxe5 Bh3 29.Be4 Bxf1
30.Rxf1 Qh6 31.Bg2 Rc1 32.Qxb5 Rxf1+ 33.Qxf1 Qe3 34.e6 fxe6 35.h3 Re2 36.Kh2 Re1  0-1

[Event "Doeberl Cup"]
[Site "Canberra AUS"]
[Date "2010.04.01"]
[Round "2"]
[White "Zhao Zong Yuan"]
[Black "Teichmann,E"]
[Result "1/2-1/2"]
[WhiteElo "2580"]
[BlackElo "2327"]

1.d4 Nf6 2.c4 Nc6 3.Nf3 e6 4.a3 d5 5.Nc3 Ne4 6.Qc2 f5 7.e3 Be7 8.b4 Bf6 9.Bb2 Ne7
10.Be2 O-O 11.O-O Bd7 12.Ne5 Be8 13.f3 Nxc3 14.Qxc3 Bh5 15.b5 g5 16.cxd5 Nxd5
17.Qb3 Qe8 18.Bc4 Rd8 19.e4 fxe4 20.fxe4 Nf4 21.Rxf4 gxf4 22.Bxe6+ Kg7 23.d5 Be2
24.Qc2 Qxb5 25.Qxc7+ Kh6 26.Ng4+ Bxg4 27.Bxf6 Rxf6 28.Qxd8 Qb2 29.Bxg4 Qxa1+
30.Kf2 Qd4+  1/2-1/2

[Event "Sydney Int Open"]
[Site "Parramatta AUS"]
[Date "2010.04.07"]
[Round "1"]
[White "Ruan,J"]
[Black "Steadman,M"]
[Result "0-1"]
[WhiteElo "1896"]
[BlackElo "2264"]

1.d4 Nf6 2.c4 Nc6 3.Nf3 e6 4.e3 Bb4+ 5.Nbd2 d5 6.Bd3 O-O 7.O-O Qe7 8.a3 Bxd2
9.Qxd2 dxc4 10.Bxc4 e5 11.Bb5 e4 12.Bxc6 bxc6 13.Ne5 c5 14.b4 cxd4 15.Qxd4 Bb7
16.Bb2 Rfd8 17.Qc3 Rd6 18.Rac1 Nd5 19.Qc5 Qh4 20.Rfd1 Qh5 21.Nc4 Rh6 22.h3 Rg6
23.Kh2 Qg5 24.Rg1 Rd8 25.Qxa7 Bc8 26.Qc5 Qf5 27.Ne5 Rh6 28.g4 Qxf2+ 29.Rg2 Qxe3
30.Qxe3 Nxe3 31.Rxc7 Be6 32.Re2 Nxg4+ 33.Nxg4 Bxg4 34.Rxe4 Rxh3+ 35.Kg2 Rd2+
36.Kg1 h5 37.Re8+ Kh7 38.Bc3 Rg3+ 39.Kf1 Bh3+ 40.Ke1 Rc2 41.Kd1 Rgxc3 42.Rxc3 Rxc3
43.b5 Rxa3 44.b6 Rb3  0-1

[Event "Sydney Int Open"]
[Site "Parramatta AUS"]
[Date "2010.04.07"]
[Round "2"]
[White "Lester,G"]
[Black "Teichmann,E"]
[Result "0-1"]
[WhiteElo "1887"]
[BlackElo "2325"]

1.d4 Nf6 2.c4 Nc6 3.Nc3 e5 4.d5 Ne7 5.e4 Ng6 6.h4 h5 7.Bg5 Bc5 8.Qd2 d6 9.O-O-O Bd7
10.Bd3 Qc8 11.f3 Nh7 12.Be3 Bxe3 13.Qxe3 O-O 14.Nge2 f5 15.exf5 Bxf5 16.Ne4 Qe8
17.Kb1 Ne7 18.Rdg1 b5 19.g4 bxc4 20.Bxc4 Bxe4+ 21.fxe4 Nf6 22.gxh5 Qxh5 23.Rg5 Qh7
24.Ng3 Kh8 25.Ka1 Qh6 26.Be2 Nh7 27.Qc3 Rf4 28.Rh5 Qf6 29.Qxc7 Rc8 30.Qa5 Rf1+  0-1

[Event "74th ch-BUL"]
[Site "Kyustendil BUL"]
[Date "2010.04.10"]
[Round "5"]
[White "Georgiev,Ki"]
[Black "Arnaudov,G"]
[Result "1/2-1/2"]
[WhiteElo "2669"]
[BlackElo "2404"]

1.d4 Nf6 2.c4 Nc6 3.Nf3 e6 4.g3 d5 5.Bg2 dxc4 6.Qa4 Bb4+ 7.Bd2 Nd5 8.Bxb4 Nxb4
9.Nc3 a6 10.Ne5 Rb8 11.Nxc6 Nxc6 12.Bxc6+ bxc6 13.Qxc6+ Qd7 14.Qxd7+ Bxd7
15.O-O-O Ke7 16.e4 Rb6 17.Rhe1 g5 18.Rd2 h5 19.f3 h4 20.g4 Rd8 21.Re3 a5
22.Nb1 Bc8 23.Ra3 Rbd6 24.Rxa5 Rxd4 25.Rxg5 Kf6 26.Rc5 e5 27.Rxd4 Rxd4 28.Nc3 Be6
29.g5+ Kxg5 30.Rxe5+ Kf6 31.Rh5 Rd3 32.Nd5+ Bxd5 33.exd5 Rxf3 34.Rxh4 c3
35.a4 cxb2+ 36.Kxb2 Ke5 37.a5 Kxd5 38.a6 Rf2+ 39.Kb3 Rf3+ 40.Ka4 Kc6 41.Rb4 Rf1
42.Rb3 Rf4+ 43.Ka3 Rf5 44.Rb4 Rf3+ 45.Ka2 Rf2+ 46.Ka1 Rf1+ 47.Ka2 Rf2+ 48.Rb2 Rf5
49.Kb1 Rf1+ 50.Ka2 Rf5 51.Kb3 Rb5+ 52.Kc3 Ra5 53.Rf2 Kb6 54.Rxf7 Rxa6 55.h4 Ra3+
56.Kb4 Rh3 57.Rh7 Kc6 58.h5 Kd6 59.h6 Ke5 60.Rxc7 Rxh6  1/2-1/2

[Event "ch-Commonwealth"]
[Site "Delhi IND"]
[Date "2010.05.11"]
[Round "3"]
[White "Navalgund,N"]
[Black "Adhiban,B"]
[Result "0-1"]
[WhiteElo "2158"]
[BlackElo "2510"]

1.d4 Nf6 2.c4 Nc6 3.Nf3 e6 4.g3 Bb4+ 5.Bd2 Qe7 6.Bg2 a5 7.Nc3 Bxc3 8.Bxc3 Ne4
9.Qd3 f5 10.O-O O-O 11.Nd2 Nxc3 12.Qxc3 d6 13.Rae1 Qf6 14.e3 e5 15.d5 Ne7
16.f4 e4 17.Qxf6 Rxf6 18.g4 g6 19.Rc1 a4 20.Rf2 c6 21.dxc6 bxc6 22.g5 Rf8
23.Nb1 Be6 24.Rd2 Rfd8 25.Bf1 Kf7 26.Kf2 Nc8 27.Be2 h5 28.h4 Ke7 29.Bf1 Ra5
30.Ke1 Nb6 31.Rc3 Rc5 32.Rd4 Ra5 33.Rd2 Rc5 34.Rd4 Ra5 35.Rd2 c5 36.Rc1 Ra7
37.a3 Rb8 38.Nc3 Ra5 39.Nb5 Nxc4 40.Bxc4 Bxc4 41.Nxd6 Bd3 42.Nc4 Rab5 43.Ne5 Rxb2
44.Nc6+ Kd6 45.Nxb8 Rxb8 46.Ra2 c4 47.Kd2 Kd5 48.Rc3 Rb1 49.Rc1 Rxc1 50.Kxc1 c3
51.Ra1 Kc4 52.Kd1 Kb3 53.Kc1 Bc2 54.Ra2 Kxa2 55.Kxc2  0-1

[Event "TCh-UKR Clubs"]
[Site "Alushta UKR"]
[Date "2010.05.13"]
[Round "1"]
[White "Shmat,S"]
[Black "Pilavov,G"]
[Result "0-1"]
[WhiteElo "2097"]
[BlackElo "2614"]

1.d4 Nf6 2.c4 Nc6 3.Nf3 e6 4.Nc3 Bb4 5.Qc2 O-O 6.e3 d6 7.Bd3 e5 8.d5 Ne7
9.e4 a5 10.a3 Bc5 11.Rb1 Ng6 12.b4 axb4 13.axb4 Ba7 14.Nb5 Bb6 15.O-O Qe7
16.Bg5 Rd8 17.Rfc1 c5 18.dxc6 bxc6 19.c5 dxc5 20.bxc5 Ba5 21.Nd6 h6 22.Bd2 Bxd2
23.Nxd2 Nf4 24.Bf1 Ne6 25.N2c4 Nd4 26.Qc3 Ba6 27.f4 Qa7 28.Nb6 Bxf1 29.Kxf1 Qa6+
30.Qc4 Ra7 31.fxe5 Ng4 32.Qxa6 Rxa6 33.Nbc4 Nxh2+ 34.Kf2 Ng4+ 35.Kg3 h5 36.Rb2 Ne6
37.Rb6 Ra2 38.Rf1 g5 39.Rb7 Nf4 40.Rxf4 gxf4+ 41.Kxf4 Rxg2 42.Nf5 Rd1 43.e6 Rf1+
44.Kg5 Ne3+ 45.Kf6 Rg6+ 46.Ke5 Rxe6+ 47.Kd4 Nxf5+  0-1

[Event "Open ch-State"]
[Site "Stuttgart GER"]
[Date "2010.05.15"]
[Round "5"]
[White "Strunski,A"]
[Black "Holzhaeuer,M"]
[Result "1-0"]
[WhiteElo "2381"]
[BlackElo "2283"]

1.d4 Nf6 2.c4 Nc6 3.Nf3 e6 4.a3 d6 5.Nc3 g6 6.e4 Bg7 7.h3 O-O 8.Bg5 h6 9.Be3 Re8
10.Bd3 Nd7 11.Be2 e5 12.d5 Nd4 13.Nxd4 exd4 14.Bxd4 Bxd4 15.Qxd4 Nc5 16.Qe3 Qh4
17.g3 Qe7 18.f3 Kh7 19.b4 Nd7 20.O-O Nf6 21.Kg2 Nd7 22.Nb5 Nb6 23.Rfd1 a6
24.Nc3 Nd7 25.Qd4 b6 26.Re1 g5 27.Nd1 Ne5 28.Ne3 h5 29.Rf1 Rg8 30.c5 bxc5
31.bxc5 Qd7 32.Nf5 Qe8 33.cxd6 Bxf5 34.exf5 cxd6 35.f4 gxf4 36.Rxf4 f6 37.Bxh5 Qb5
38.Rc1 Qb7 39.Bg6+ Kg7 40.Rf2 Rac8 41.Rb2 Qa8 42.Rcb1 Rc7 43.h4 Qc8 44.Qe4 Nxg6
45.fxg6 Re8 46.Qa4 Rc5 47.Rf2 Rc4 48.Qb3 Rc3 49.Qb4 Ree3 50.Qxd6 Rxg3+ 51.Qxg3 Rxg3+
52.Kxg3 Qc3+ 53.Kg2 Qd3 54.Rb4 Qxd5+ 55.Kg3 Qe5+ 56.Kh3 Kxg6 57.Rbf4 Qe6+
58.Kh2 Qe5 59.Kg1 Qe1+ 60.Kg2 f5  1-0

[Event "Campomanes Mem WIM"]
[Site "Ankara TUR"]
[Date "2010.05.19"]
[Round "5"]
[White "Soylemez,C"]
[Black "Partac,E"]
[Result "1-0"]
[WhiteElo "1935"]
[BlackElo "2155"]

1.d4 Nf6 2.c4 Nc6 3.Nf3 e6 4.a3 Ne7 5.Nc3 Ng6 6.e4 d6 7.Be2 Be7 8.O-O O-O
9.Qc2 Bd7 10.b4 e5 11.Rd1 exd4 12.Nxd4 Re8 13.Nf5 Bf8 14.Ng3 a5 15.Bb2 Nf4
16.Bf1 Ng4 17.Qd2 Qh4 18.h3 Ne5 19.Qe3 g6 20.Nd5 Bh6 21.Qc3 axb4 22.axb4 Ne6
23.c5 Bg7 24.Qc2 dxc5 25.bxc5 Bc6 26.Ne2 Bxd5 27.exd5 Nf4 28.Nxf4 Qxf4 29.Kh1 Rxa1
30.Rxa1 Rd8 31.g3 Qb4 32.Bg2 Re8 33.Ra4 Qe1+ 34.Kh2 f5 35.Ra7 Qb4 36.Ba3 Qd4
37.Rxb7 Nd3 38.Rxc7 Nxf2 39.d6 Be5 40.Qb3+ Kh8 41.Re7 Rxe7 42.dxe7 Qd7 43.c6 Qe8
44.Qe6  1-0

[Event "BSG Pinkster GpA"]
[Site "Bossum NED"]
[Date "2010.05.22"]
[Round "2"]
[White "Galje,H"]
[Black "Ootes,La"]
[Result "0-1"]
[WhiteElo "2159"]
[BlackElo "2318"]

1.d4 Nf6 2.c4 Nc6 3.Nf3 e6 4.a3 d6 5.Nc3 g6 6.e4 Bg7 7.Be2 O-O 8.O-O e5 9.d5 Ne7
10.b4 Ne8 11.Ne1 f5 12.f3 f4 13.c5 h5 14.Nd3 g5 15.Bd2 Rf7 16.Nb2 Bf8 17.Nc4 Rg7
18.g4 hxg4 19.fxg4 Nf6 20.Be1 Rh7 21.Bf3 Ng6 22.c6 bxc6 23.dxc6 Be6 24.Nd5 Bxd5
25.exd5 e4 26.Bh1 f3 27.Ne3 Nf4 28.Bxf3 exf3 29.Rxf3 Qc8 30.Rf1 Qe8 31.Qf3 Qe4
32.Rd1 Re8  0-1

[Event "BSG Pinkster GpA"]
[Site "Bossum NED"]
[Date "2010.05.23"]
[Round "4"]
[White "Galje,H"]
[Black "Bettman,J"]
[Result "1-0"]
[WhiteElo "2159"]
[BlackElo "1870"]

1.d4 Nf6 2.c4 Nc6 3.Nf3 d6 4.Nc3 h6 5.e4 e5 6.Be2 Bd7 7.O-O g5 8.h3 Bg7 9.dxe5 dxe5
10.Be3 g4 11.hxg4 Nxg4 12.Nd5 Ne7 13.Qb3 O-O 14.Rad1 f5 15.Qxb7 Nc6 16.Qxc7 fxe4
17.Qxd8 Raxd8 18.Nd2 Nd4 19.Bxd4 exd4 20.Nxe4 Ne5 21.b3 Kh8 22.f4 Bg4 23.Bxg4 Nxg4
24.f5 Be5 25.Nc5 Rg8 26.Nd3 Bh2+ 27.Kh1 Bg3 28.Rf3 Rxd5 29.cxd5 Ne3 30.Rc1 Rg5
31.f6 Nf5 32.Rc8+ Kh7 33.f7 Bd6 34.f8=Q  1-0

[Event "14th Chicago Open"]
[Site "Wheeling USA"]
[Date "2010.05.30"]
[Round "6"]
[White "Bercys,S"]
[Black "Khachiyan,M"]
[Result "1/2-1/2"]
[WhiteElo "2427"]
[BlackElo "2539"]

1.d4 Nf6 2.c4 Nc6 3.Nf3 e6 4.a3 d6 5.Nc3 g6 6.g3 Bg7 7.Bg2 O-O 8.O-O Re8
9.Re1 a6 10.e3 Rb8 11.b4 Bd7 12.Bb2 b5 13.cxb5 axb5 14.Rc1 Nd5 15.Nd2 Nxc3
16.Rxc3 Ne7 17.Nb3 Nd5 18.Rc2 Nb6 19.Na5 d5 20.e4 Nc4 21.exd5 exd5 22.Bxd5 Nxb2
23.Rxb2 Rxe1+ 24.Qxe1 Bxd4 25.Rc2 Qf6 26.Nb3 Re8 27.Re2 Rxe2 28.Qxe2 Bb6
29.Kg2 c6 30.Be4 Kg7 31.Qc2 h5 32.Nc5 Bc8 33.h4 Bg4 34.Qd3 Kf8  1/2-1/2

[Event "Aberto do Brasil"]
[Site "Fortaleza BRA"]
[Date "2010.06.06"]
[Round "6"]
[White "Nunes,Marcelo Basilio"]
[Black "Barreto,I"]
[Result "1/2-1/2"]
[WhiteElo "2013"]
[BlackElo "2262"]

1.d4 Nf6 2.c4 Nc6 3.d5 Ne5 4.e3 e6 5.dxe6 dxe6 6.Qc2 Nc6 7.a3 a5 8.Nf3 e5
9.Nc3 Bg4 10.Be2 Bd6 11.b3 O-O 12.Bb2 Bh5 13.Rd1 Qe7 14.Nb5 Bg6 15.Qc1 Ne4
16.Nxd6 cxd6 17.Bd3 Nc5 18.Bc2 Ra6 19.O-O Rb6 20.Nd2 Rd8 21.Bxg6 hxg6 22.Qc2 Qe6
23.Rb1 Qf5 24.e4 Qc8 25.Rfc1 Ne6 26.Nf1 Ncd4 27.Bxd4 Nxd4 28.Qd3 Qc5 29.a4 Qa3
30.Nd2 f5 31.exf5 gxf5 32.Rc3 Qb4 33.Rbc1 Qa3 34.c5 Rc6 35.Nc4 Qb4 36.Kf1  1/2-1/2

[Event "National Open"]
[Site "Las Vegas USA"]
[Date "2010.06.12"]
[Round "4"]
[White "Von Krogh,C"]
[Black "Khachiyan,M"]
[Result "1/2-1/2"]
[WhiteElo "2231"]
[BlackElo "2539"]

1.d4 Nf6 2.c4 Nc6 3.Nf3 e6 4.a3 d6 5.Nc3 g6 6.e4 Bg7 7.Be2 O-O 8.O-O Re8
9.d5 Ne7 10.Nd2 c6 11.Bf3 a6 12.Re1 e5 13.b4 b5 14.dxc6 Qb6 15.Nd5 Qxc6 16.Nb3 Nfxd5
17.cxd5 Qd7 18.Be2 f5 19.f3 Qa7+ 20.Kh1 f4 21.a4 bxa4 22.Rxa4 Qb6 23.Bd2 Bd7
24.Ra5 Bb5 25.Bxb5 axb5 26.Qe2 Rab8 27.Rea1 Rec8 28.Ra6  1/2-1/2

[Event "Open"]
[Site "Eforie Nord ROU"]
[Date "2010.06.21"]
[Round "5"]
[White "Gavrilov,Al1"]
[Black "Nevednichy,B"]
[Result "1-0"]
[WhiteElo "2494"]
[BlackElo "2268"]

1.d4 Nf6 2.c4 Nc6 3.Nf3 e6 4.a3 g6 5.Nc3 Bg7 6.e4 d6 7.h3 O-O 8.Be3 Re8 9.Bd3 Nd7
10.Be2 e5 11.d5 Ne7 12.Nd2 f5 13.f3 f4 14.Bf2 g5 15.b4 Ng6 16.c5 Nf6 17.Qc2 Re7
18.Rc1 Ne8 19.Bb5 Bd7 20.c6 bxc6 21.Bxc6 Bxc6 22.dxc6 Nf6 23.b5 h5 24.a4 g4
25.hxg4 hxg4 26.Nd5 Rf7 27.Qc4 g3 28.Bg1 Ne7 29.a5 Nexd5 30.exd5 e4 31.fxe4 Ng4
32.Qe2 Qg5 33.b6 axb6 34.axb6 Ra2 35.b7 Rf8 36.Kd1 Ne3+ 37.Bxe3 fxe3 38.Nf3 Rxe2
39.Nxg5 Rd2+ 40.Ke1 Rb2 41.Nf3 Rxg2 42.Rg1 Rxg1+ 43.Nxg1 Bd4 44.Nf3 Ba7 45.Ke2 Kf7
46.Ra1 Bb8 47.Rg1 Rg8 48.Nd4 g2 49.Nf5 Ba7 50.Nh6+  1-0